La crisis de los partidos políticos tradicionales de Costa Rica
Los partidos políticos tradicionales de Costa Rica, estructura y composición de clase - trabajo elaborado a partir de una serie de artículos de prensa, que el autor publicó en el periódico "La Opinión" en 1970 El análisis de los partidos se realiza a partir de la estructura histórica predo...
Đã lưu trong:
| Tác giả chính: | |
|---|---|
| Định dạng: | Texto |
| Ngôn ngữ: | Spanish |
| Được phát hành: |
San José:
Ediciones Academia Costarricense de Bibliografía
|
| Những chủ đề: | |
| Các nhãn: |
Thêm thẻ
Không có thẻ, Là người đầu tiên thẻ bản ghi này!
|
MARC
| LEADER | 00000 a a2200000 04500 | ||
|---|---|---|---|
| 001 | 14603 | ||
| 003 | cru CIDCACS/IIS | ||
| 005 | 20231211101600.0 | ||
| 008 | 170511b xxu||||| |||| 00| 0 spa d | ||
| 040 | |c cru CIDCACS/IIS |a cru CIDCACS/IIS | ||
| 090 | |a 04.04.02 V422c | ||
| 100 | |a Vega Carballo, José Luis | ||
| 245 | |a La crisis de los partidos políticos tradicionales de Costa Rica | ||
| 260 | |a San José: |b Ediciones Academia Costarricense de Bibliografía | ||
| 300 | |a 25 páginas | ||
| 500 | |a Publicado originalmente en "La Opinión" a principios de 1970 | ||
| 520 | |a Los partidos políticos tradicionales de Costa Rica, estructura y composición de clase - trabajo elaborado a partir de una serie de artículos de prensa, que el autor publicó en el periódico "La Opinión" en 1970 El análisis de los partidos se realiza a partir de la estructura histórica predominante en los partidos tradicionales de Costa Rica - sin incluir al partido comunista- y la orientación que sus dirigentes le han dado hasta la presente./ALLV | ||
| 650 | |a PARTIDOS POLITICOS | ||
| 650 | |a PARTICIPACION POLITICA | ||
| 942 | |2 z |c LI |h 04.04.02 V422c |i 06613 |i 06676 |i 06650 |i 06649 |6 040402_V422C_06613__06676__06650__06649 | ||
| 999 | |c 13644 |d 13644 | ||
